000 00749nam a2200241Ia 4500
003 OSt
005 20220923231017.0
006 a|||||r|||| 00| 0
007 ta
008 220922b |||||||| |||| 00| 0 pan d
020 _c245
024 _a353,661
037 _b1198, 02/03/2020, H.K. Prakashan
_cTextual
040 _aARTS
_cARTS
_bpan
041 _2pan
_apan
082 _aY:86, 153Q9
100 _aਮਨੀਕਿਨ, ਅ. ਵ., ਂਚ.
_9169072
245 0 _aਪੀਲਾ ਭੂਤ
260 _aਪਟਿਆਲਾ
_b ਅੰਟਮ ਆਰਟ
_c2019
300 _a278ਪ੍ਰ0
_ccm.
942 _hY:86, 153Q9
_cTEXL
_2CC
999 _c388756
_d388756